|
|
|
|
| LEADER |
00000nam a2200000 4500 |
| 001 |
vtls011901022 |
| 003 |
SK-MaSNL |
| 005 |
20260301225318.0 |
| 007 |
co bg auuua |
| 008 |
191118s2018 xo | fqn 001 0 slo |
| 015 |
|
|
|a SNBS2020
|
| 020 |
|
|
|a 9788081526527 (elektronická kniha)
|
| 040 |
|
|
|a SNK
|b slo
|c SNK
|e rda
|
| 041 |
0 |
|
|a slo
|b eng
|
| 044 |
|
|
|a xo
|c SK
|
| 072 |
|
7 |
|a 17
|x Etika. Morálna filozofia
|2 konspekt
|
| 080 |
|
|
|a 17
|2 2011
|
| 080 |
|
|
|a 575.858
|2 2011
|
| 080 |
|
|
|a 141:502.2
|2 2011
|
| 080 |
|
|
|a (048.8)
|2 2011
|
| 080 |
|
|
|a (0.034.44)
|2 2011
|
| 100 |
1 |
|
|a Vladyková, Ľubov,
|d 1955-
|4 aut
|9 439521
|
| 245 |
1 |
0 |
|a Evolučná etika
|b vybrané problémy a výzvy
|c Ľubov Vladyková
|
| 250 |
|
|
|a Vydanie: prvé
|
| 264 |
|
1 |
|a Košice
|b Univerzita Pavla Jozefa Šafárika v Košiciach
|c 2018
|
| 300 |
|
|
|a 1 CD-ROM
|c 12 cm
|
| 336 |
|
|
|a text
|b txt
|2 rdacontent
|
| 337 |
|
|
|a počítač
|b c
|2 rdamedia
|
| 337 |
|
|
|a textový súbor
|b PDF
|2 rda
|
| 338 |
|
|
|a počítačový disk
|b cd
|2 rdacarrier
|
| 500 |
|
|
|a Na titulnej strane: Filozofická fakulta
|
| 504 |
|
|
|a Obsahuje bibliografické odkazy, bibliografiu a menný register
|
| 546 |
|
|
|a Anglické resumé
|
| 650 |
0 |
7 |
|a etika
|2 SNKPH
|9 792
|
| 650 |
0 |
7 |
|a evolučné teórie
|2 SNKPH
|9 82941
|
| 650 |
0 |
7 |
|a darwinizmus
|2 SNKPH
|9 28532
|
| 650 |
0 |
7 |
|a naturalizmus (filozofia)
|2 SNKPH
|9 175180
|
| 650 |
0 |
7 |
|a Ethics
|2 SNKPHeng
|9 265831
|
| 650 |
0 |
7 |
|a Evolutionary theories
|2 SNKPHeng
|9 315983
|
| 650 |
0 |
7 |
|a Darwinism
|2 SNKPHeng
|9 287230
|
| 650 |
0 |
7 |
|a Naturalism (philosophy)
|2 SNKPHeng
|9 445742
|
| 655 |
|
7 |
|a monografie
|2 SNKPH
|9 70139
|
| 655 |
|
7 |
|a CD-ROM
|2 SNKPH
|9 70236
|
| 655 |
|
7 |
|a Monographs
|2 SNKPHeng
|9 120675
|
| 710 |
2 |
|
|a Univerzita Pavla Jozefa Šafárika v Košiciach.
|b Filozofická fakulta
|4 pbl
|9 195597
|
| 856 |
4 |
1 |
|u www.unibook.upjs.sk
|
| 919 |
|
|
|a 978-80-8152-652-7
|
| 958 |
|
|
|a NB
|
| 999 |
|
|
|c 950439
|d 952369
|
| 952 |
|
|
|a SNK
|b SNK
|y PREZ
|7 0
|p 17A1392999
|o snkSCDM 10877
|i snk2019/29661
|8 0
|0 0
|1 0
|4 0
|d 2019-11-18
|l 0
|r 2026-02-24 09:46:41
|w 2026-02-24
|
| 952 |
|
|
|t snkEVO 17
|a SNKMST
|b SNKMST
|y PREZ
|7 0
|p 17A1392998
|o snkSCDM 10877 D1
|i snk2019/29663
|8 0
|0 0
|1 0
|4 0
|d 2019-11-18
|l 0
|r 2025-08-12 00:00:00
|w 2026-02-24
|